| 000 | 00000nam##2200000za#4500 |
| 001 | 9.566499 |
| 003 | CaOODSP |
| 005 | 20210624180322 |
| 007 | cr ||||||||||| |
| 008 | 150406|1999||||xxc|||||o f|0| 0 eng|d |
| 040 | |aCaOODSP|beng |
| 043 | |an-cn--- |
| 086 | 1 |aTU3-5/99-5E-PDF |
| 110 | 2 |aTransportation Safety Board of Canada. |
| 245 | 10|aCollision with wire - Canadian Helicopters Limited Bell 206B C-FOAH, Entrance, Alberta 26 February 1999 |h[electronic resource] |
| 260 | |aGatineau - Quebec : |bTransportation Safety Board of Canada |c[1999]. |
| 300 | |a6p. |
| 490 | 1 |aAviation investigation report |vA99W0034 |
| 590 | |a10-10-Supp|b2010-11-09 |
| 775 | 08|tCollision avec des câbles - Canadian Helicopters Limited Bell 206B C-FOAH, Entrance (Alberta) 26 février 1999 |w(CaOODSP)9.597972 |
| 830 | #0|aAviation investigation report ;|vA99W0034|w(CaOODSP)9.504825 |
| 856 | 40|ahttp://publications.gc.ca|qPDF|s36 KB|uhttps://publications.gc.ca/collections/collection_2009/bst-tsb/TU3-5-99-5E.pdf|yA99W0034 |